000 00497nam a2200193Ia 4500
003 GCL
008 140319s9999 xx 000 0 eng d
040 _aGCL /
_cGCL
082 0 4 _a611
_bM H
100 1 _aMARIEB, ELAINE B.
245 1 0 _aHUMAN ANATOMY /
_cMARIEB, ELAINE B.
700 1 _aMALLATT, JON
260 _a[S.N] :
_bADDISON - WESLEY PUBLISHING COMPANY ،
_c1997
300 _a731 P
650 0 4 _aANATOMY
650 0 4 _aANATOMY, HUMAN
650 0 4 _aHUMAN - ANATOMY
942 _2ddc
_cBK
999 _c12977
_d12977